<?xml version="1.0" encoding="UTF-8"?>
<collection xmlns="http://www.loc.gov/MARC21/slim">
 <record>
  <leader>00635cam a2200205 7i4500</leader>
  <controlfield tag="001">0000010729</controlfield>
  <controlfield tag="005">20150325090000.0</controlfield>
  <controlfield tag="003">  iicp-my</controlfield>
  <controlfield tag="005">  20030807163300.0</controlfield>
  <controlfield tag="008">030806                       000 0 eng d</controlfield>
  <datafield tag="020" ind1=" " ind2=" ">
   <subfield code="a">0276424344 </subfield>
  </datafield>
  <datafield tag="039" ind1=" " ind2="9">
   <subfield code="a">200308071633</subfield>
   <subfield code="b">Yusnizam</subfield>
   <subfield code="y">200308061000</subfield>
   <subfield code="z">Yusnizam</subfield>
  </datafield>
  <datafield tag="090" ind1="0" ind2="0">
   <subfield code="a">R 031.022 </subfield>
   <subfield code="b">REA</subfield>
  </datafield>
  <datafield tag="245" ind1="0" ind2="0">
   <subfield code="a">Reader's Digest : </subfield>
   <subfield code="b">book of amazing facts  </subfield>
   <subfield code="c">editor by Henrietta Heald.</subfield>
  </datafield>
  <datafield tag="260" ind1=" " ind2=" ">
   <subfield code="a">London: </subfield>
   <subfield code="b">Reader's Digest, </subfield>
   <subfield code="c">1999.</subfield>
  </datafield>
  <datafield tag="300" ind1=" " ind2=" ">
   <subfield code="a">p.;: </subfield>
   <subfield code="b">ill.; </subfield>
   <subfield code="c">cm..</subfield>
  </datafield>
  <datafield tag="500" ind1=" " ind2=" ">
   <subfield code="a">Includes index.</subfield>
  </datafield>
  <datafield tag="650" ind1=" " ind2="0">
   <subfield code="a">Curiosities and wonders. </subfield>
  </datafield>
  <datafield tag="700" ind1=" " ind2=" ">
   <subfield code="a">Heald, Henrietta </subfield>
  </datafield>
  <datafield tag="999" ind1=" " ind2=" ">
   <subfield code="a">1000018049</subfield>
   <subfield code="b">Book</subfield>
   <subfield code="c">Open Shelf</subfield>
  </datafield>
 </record>
</collection>
